Delhi, threshhold of the orient (Record no. 51409)
[ view plain ]
| 000 -LEADER | |
|---|---|
| fixed length control field | 01212nam a2200241 a 4500 |
| 005 - DATE AND TIME OF LATEST TRANSACTION | |
| control field | 20110404123214.0 |
| 010 ## - LCCN (DPL NO) | |
| LC control number | B-425067-068 |
| 020 ## - INTERNATIONAL STANDARD BOOK NUMBER | |
| International Standard Book Number | 8173051283 |
| Terms of availability | 1500.00 |
| 035 ## - SYSTEM CONTROL NUMBER | |
| System control number | B-425067-068 |
| 037 ## - SOURCE OF ACQUISITION | |
| Stock number | DPL |
| Source of stock number/acquisition | Researchco Book Centre |
| 082 00 - DEWEY DECIMAL CLASSIFICATION NUMBER | |
| Classification number | 934 |
| 100 1# - MAIN ENTRY--PERSONAL NAME | |
| Personal name | Mani, B.R. |
| 245 10 - TITLE STATEMENT | |
| Title | Delhi, threshhold of the orient |
| Remainder of title | studies in archaeological investigations / |
| Statement of responsibility, etc | B.R. Mani |
| 260 ## - PUBLICATION, DISTRIBUTION, ETC. (IMPRINT) | |
| Place of publication, distribution, etc | New Delhi |
| Name of publisher, distributor, etc | Aryan Books International |
| Date of publication, distribution, etc | 1997 |
| 270 ## - ADDRESS | |
| Address | 4378/4B, Pooja Apartments 4, Ansari Road, Darya Ganj |
| City | New Delhi |
| Postal code | 110002 |
| 300 ## - PHYSICAL DESCRIPTION | |
| Extent | xi, 141p. |
| Other physical details | ill. |
| Dimensions | 29 cm. |
| 504 ## - BIBLIOGRAPHY, ETC. NOTE | |
| Bibliography, etc | Includes bibliographical references (p. [133]-134) and index. |
| 942 ## - ADDED ENTRY ELEMENTS (KOHA) | |
| Source of classification or shelving scheme | Dewey Decimal Classification |
| Item type | English Books |
| Classification part | 934 |
| Call number suffix | MAN |
| Withdrawn status | Lost status | Not for loan | Collection code | Home library | Current library | Date acquired | Source of acquisition | Cost, normal purchase price | Full call number | Barcode | Copy number | Cost, replacement price | Koha item type |
|---|---|---|---|---|---|---|---|---|---|---|---|---|---|
| Not For Loan | Reference | Central Library | Central Library | 10/08/2011 | Researchco Book Centre/RBC-22386/2011-12/14.3.11/76/4.3.11/23.3.11 | 1500.00 | 934 MAN | B-425067 | 1 | 1500.00 | English Books | ||
| Not For Loan | Reference | Sarojini Nagar | Sarojini Nagar | 10/08/2011 | Researchco Book Centre/RBC-22386/2011-12/14.3.11/76/4.3.11/23.3.11 | 1500.00 | 934 MAN | B-425068 | 1 | 1500.00 | English Books |
